000 00713nam a2200241Ia 4500
003 OSt
005 20220918175954.0
006 a|||||r|||| 00| 0
007 ta
008 220917b |||||||| |||| 00| 0 eng d
024 _a20,003
037 _cTextual
040 _aARTS
_cARTS
_beng
041 _2eng
_aeng
082 _aO111944,3:g(Y1), L2
100 _aNicholson Kai
_955359
245 0 _aPresentation of Social problems in the Indo-Anglian and the Anglo Indian novel
260 _aBombay
_bJaico Publishing House India
_c1972
300 _axvi,272p.
_ccm.
650 _aENGLISH LITERATURE
942 _hO111944,3:g(Y1), L2
_cTEXL
_2CC
999 _c159789
_d159789